[Event "First Saturday 2009 may FM-A"]
[Site "Budapest"]
[Date "2009.05.09"]
[Round "8"]
[White "Henrichsen, Jens"]
[Black "Letay, Gyula"]
[Result "1/2-1/2"]
[WhiteElo "1971"]
[BlackElo "2067"]
[PlyCount "68"]
[EventDate "2009.05.02"]

1. d4 d5 2. Nf3 e6 3. c4 Nf6 4. Nc3 Be7 5. Bg5 O-O 6. e3 h6 7. Bh4 b6 8. cxd5
Nxd5 9. Bxe7 Qxe7 10. Nxd5 exd5 11. Rc1 Be6 12. Qa4 c5 13. dxc5 bxc5 14. Qa3
Rc8 15. Rc3 a5 16. Be2 Qa7 17. O-O Nd7 18. Rfc1 Rcb8 19. h3 Rb4 20. b3 Qb7 21.
Bd1 a4 22. bxa4 Nb6 23. Rxc5 Nxa4 24. Rc7 Qb8 25. Bxa4 Raxa4 26. Qd3 Rc4 27.
R7xc4 dxc4 28. Qc3 Qa8 29. Nd2 Bd5 30. f3 Rxa2 31. Rc2 Rxc2 32. Qxc2 Qa1+ 33.
Kf2 Qe5 34. e4 Be6 1/2-1/2

[Event "First Saturday 2009 may FM-A"]
[Site "Budapest"]
[Date "2009.05.09"]
[Round "8"]
[White "Heyl, Thomas"]
[Black "Kapferer, Romed"]
[Result "1/2-1/2"]
[WhiteElo "2051"]
[BlackElo "2044"]
[PlyCount "46"]
[EventDate "2009.05.02"]

1. d4 f5 2. Nc3 Nf6 3. Bg5 c6 4. Nf3 Ne4 5. h4 Qb6 6. Rb1 d6 7. Qd3 Qa5 8. b4
Qa6 9. Qxa6 Nxa6 10. Nxe4 fxe4 11. Nd2 h6 12. Be3 d5 13. f3 e5 14. a3 Bd6 15.
fxe4 O-O 16. exd5 cxd5 17. dxe5 Bxe5 18. Nf3 Bd6 19. Bd4 Bf5 20. Rb2 Rfc8 21.
Kd2 Nc7 22. e3 Be4 23. Bd3 Ne6 1/2-1/2

[Event "First Saturday 2009 may FM-A"]
[Site "Budapest"]
[Date "2009.05.09"]
[Round "8"]
[White "Probst, Albert"]
[Black "Schenkerik, Csaba"]
[Result "1/2-1/2"]
[WhiteElo "2104"]
[BlackElo "2215"]
[PlyCount "41"]
[EventDate "2009.05.02"]

1. d4 d5 2. Nf3 e6 3. c4 Nf6 4. Nc3 c5 5. cxd5 Nxd5 6. e4 Nxc3 7. bxc3 cxd4 8.
cxd4 Bb4+ 9. Bd2 Bxd2+ 10. Qxd2 O-O 11. Bc4 Nc6 12. O-O Na5 13. Bd3 b6 14. Rac1
Bb7 15. Qf4 Rc8 16. Rxc8 Bxc8 17. Rc1 Bb7 18. Rc7 Qf6 19. Qg3 Qd8 20. h4 h6 21.
Qf4 1/2-1/2

[Event "First Saturday 2009 may FM-A"]
[Site "Budapest"]
[Date "2009.05.10"]
[Round "9"]
[White "Schenkerik, Csaba"]
[Black "Nagy, Laszlo"]
[Result "1-0"]
[WhiteElo "2215"]
[BlackElo "2046"]
[PlyCount "65"]
[EventDate "2009.05.02"]

1. e4 e5 2. Nf3 Nf6 3. Nxe5 d6 4. Nf3 Nxe4 5. d3 Nf6 6. d4 Be7 7. Nc3 O-O 8.
Be2 Re8 9. O-O Bg4 10. Be3 Nbd7 11. Qd3 c6 12. Rae1 Bh5 13. Qd1 d5 14. Ne5 Bxe2
15. Nxe2 Bd6 16. f4 Ne4 17. Ng3 Ndf6 18. Nf5 Bf8 19. Qf3 Qc7 20. g4 g6 21. Nh4
Bg7 22. g5 Nh5 23. f5 Bxe5 24. dxe5 Rxe5 25. Bd4 Ree8 26. fxg6 fxg6 27. Nf5
gxf5 28. Qxh5 Qf7 29. Qxf7+ Kxf7 30. Rxf5+ Kg6 31. Ref1 Re7 32. Kg2 Nxg5 33.
Rxg5+ 1-0

[Event "First Saturday 2009 may FM-A"]
[Site "Budapest"]
[Date "2009.05.10"]
[Round "9"]
[White "Kapferer, Romed"]
[Black "Probst, Albert"]
[Result "1/2-1/2"]
[WhiteElo "2044"]
[BlackElo "2104"]
[PlyCount "26"]
[EventDate "2009.05.02"]

1. e4 g6 2. d4 Bg7 3. c3 d6 4. f4 Nc6 5. Nf3 Bg4 6. Be2 e5 7. d5 Nce7 8. h3
Bxf3 9. Bxf3 f5 10. O-O fxe4 11. Bxe4 Nf6 12. Qd3 Nxe4 13. Qxe4 O-O 1/2-1/2

[Event "First Saturday 2009 may FM-A"]
[Site "Budapest"]
[Date "2009.05.10"]
[Round "9"]
[White "Letay, Gyula"]
[Black "Heyl, Thomas"]
[Result "1-0"]
[WhiteElo "2067"]
[BlackElo "2051"]
[PlyCount "77"]
[EventDate "2009.05.02"]

1. e4 c5 2. Nc3 e6 3. g3 d6 4. Bg2 Nf6 5. d3 g6 6. Nge2 Bg7 7. h3 Nc6 8. Be3
O-O 9. Qd2 Re8 10. O-O Rb8 11. Bh6 Bh8 12. Kh2 b5 13. f4 b4 14. Nd1 Qc7 15. Rf2
Nd4 16. Ne3 Bg7 17. Bxg7 Kxg7 18. g4 Nxe2 19. Qxe2 Bb7 20. Kh1 d5 21. e5 Nd7
22. Qd2 d4 23. Nc4 Bxg2+ 24. Kxg2 Rf8 25. Re1 f6 26. exf6+ Rxf6 27. g5 Qc6+ 28.
Kg1 Rf5 29. c3 bxc3 30. bxc3 Qd5 31. Qe2 Nb6 32. cxd4 Nxc4 33. dxc4 Qc6 34. d5
exd5 35. Qe7+ Kg8 36. Re6 Rb1+ 37. Kh2 Qa8 38. Qd7 Rb8 39. Re7 1-0

[Event "First Saturday 2009 may FM-A"]
[Site "Budapest"]
[Date "2009.05.10"]
[Round "9"]
[White "Sipos, Gabor"]
[Black "Henrichsen, Jens"]
[Result "1/2-1/2"]
[WhiteElo "2126"]
[BlackElo "1971"]
[PlyCount "35"]
[EventDate "2009.05.02"]

1. e4 c5 2. Nf3 d6 3. d4 cxd4 4. Nxd4 Nf6 5. Nc3 a6 6. Qe2 e6 7. g4 h6 8. Bg2
Qc7 9. a4 Nc6 10. Nb3 b6 11. h4 Bb7 12. g5 hxg5 13. hxg5 Rxh1+ 14. Bxh1 Nd7 15.
f4 Nb4 16. Be3 Nc5 17. Kf2 O-O-O 18. Rd1 1/2-1/2